[Event "Catalunya-chT Gp2"]
[Site "Barcelona"]
[Date "2022.02.12"]
[Round "4.8"]
[White "Plachkinova, Tatjana Georgieva"]
[Black "Garzon Sanchez, Jose Manuel"]
[Result "0-1"]
[WhiteElo "2026"]
[BlackElo "2151"]
[PlyCount "60"]
[EventDate "2022.01.22"]
[EventType "team-tourn"]
[EventRounds "9"]
[EventCountry "ESP"]
[SourceTitle "CBM 208 Extra"]
[Source "ChessBase"]
[SourceDate "2022.07.31"]
[SourceVersion "1"]
[SourceVersionDate "2022.07.31"]
[SourceQuality "1"]
[WhiteTeam "Salauris"]
[BlackTeam "Colon Ateneu"]
[WhiteTeamCountry "ESP"]
[BlackTeamCountry "ESP"]

1. d4 d6 2. Nf3 c6 3. c4 g6 4. Nc3 Bg7 5. e4 a6 6. Be2 b5 7. a3 Nf6 8. 0-0 0-0 9. h3 Bb7 10. Re1 Nbd7 11. e5 Ne8 12. Bf1 dxe5 13. dxe5 Nc7 14. b4 bxc4 15. Bxc4 c5 16. Nd5 Nxd5 17. Bxd5 Bxd5 18. Qxd5 Nxe5 19. Qxd8 Nxf3+ 20. gxf3 Rfxd8 21. Rb1 Bc3 22. Rf1 cxb4 23. axb4 Rab8 24. Ba3 Rd2 25. Rb3 Rc2 26. Kg2 e5 27. Kg3 Rb5 28. f4 exf4+ 29. Kxf4 a5 30. Rfb1 a4 0-1

[Event "Catalunya-chT Gp2"]
[Site "Barcelona"]
[Date "2022.02.05"]
[Round "3.7"]
[White "Plachkinova, Tatjana Georgieva"]
[Black "Ano Pla, Gerard"]
[Result "0-1"]
[WhiteElo "2026"]
[BlackElo "2133"]
[PlyCount "86"]
[EventDate "2022.01.22"]
[EventType "team-tourn"]
[EventRounds "9"]
[EventCountry "ESP"]
[SourceTitle "CBM 206 Extra"]
[Source "ChessBase"]
[SourceDate "2022.03.31"]
[SourceVersion "1"]
[SourceVersionDate "2022.03.31"]
[SourceQuality "1"]
[WhiteTeam "Salauris"]
[BlackTeam "Valls"]
[WhiteTeamCountry "ESP"]
[BlackTeamCountry "ESP"]

1. d4 d5 2. c4 e6 3. Nc3 Be7 4. Nf3 Nf6 5. cxd5 exd5 6. Qc2 c6 7. Bf4 g6 8. e3 Bf5 9. Bd3 Bxd3 10. Qxd3 0-0 11. h4 Nbd7 12. 0-0-0 h5 13. Ng5 b5 14. f3 b4 15. Ne2 c5 16. Ne6 c4 17. Qb1 fxe6 18. Qxg6+ Kh8 19. Be5 Nxe5 20. dxe5 Qe8 21. Qh6+ Nh7 22. Nf4 Rxf4 23. Qxf4 Qf8 24. g4 Bc5 25. Rhe1 Qg7 26. gxh5 Rf8 27. h6 Qg6 28. h5 Qxh5 29. Qg4 Qxg4 30. fxg4 Ng5 31. Re2 Kh7 32. Kc2 Rf3 33. Rde1 Kxh6 34. Rh1+ Kg7 35. Rh5 Ne4 36. Reh2 Rf2+ 37. Rxf2 Nxf2 38. Kd2 Ne4+ 39. Kc2 Bxe3 40. Rh3 d4 41. b3 d3+ 42. Kb1 d2 43. Rh1 Nc3+ 0-1

[Event "Catalunya-chT Gp2"]
[Site "Barcelona"]
[Date "2020.02.01"]
[Round "3.10"]
[White "Travesset Sagre, Jan"]
[Black "Plachkinova, Tatjana Georgieva"]
[Result "1-0"]
[WhiteElo "1977"]
[BlackElo "2021"]
[PlyCount "99"]
[EventDate "2020.01.18"]
[EventType "team-tourn"]
[EventRounds "7"]
[EventCountry "ESP"]
[SourceTitle "CBM 194 Extra"]
[Source "ChessBase"]
[SourceDate "2020.03.31"]
[SourceVersion "1"]
[SourceVersionDate "2020.03.31"]
[SourceQuality "1"]
[WhiteTeam "Sant Andreu"]
[BlackTeam "Salauris"]
[WhiteTeamCountry "ESP"]
[BlackTeamCountry "ESP"]

1. Nf3 d5 2. c4 c6 3. e3 Nf6 4. Nc3 e6 5. Qc2 Be7 6. b3 Nbd7 7. Bb2 a6 8. d4 0-0 9. Bd3 dxc4 10. bxc4 b5 11. c5 h6 12. 0-0 Nd5 13. Ne4 Qc7 14. a3 a5 15. Rac1 Ba6 16. Rfe1 Rfd8 17. g3 Nf8 18. h4 f5 19. Nc3 Nxc3 20. Bxc3 Bf6 21. Qb3 Kh8 22. Rcd1 Rdb8 23. Kg2 Ra7 24. Bb2 b4 25. Bxa6 Rxa6 26. Qd3 Ra7 27. Nd2 Rab7 28. axb4 Rxb4 29. Bc3 R4b5 30. Ra1 Qd8 31. Kg1 Rxc5 32. Qc2 Rcb5 33. Nc4 Ra8 34. Qd2 a4 35. Qc2 c5 36. Rxa4 cxd4 37. exd4 Rc8 38. Qd2 Qd5 39. Ne3 Qc6 40. Rc4 Qb7 41. Rxc8 Qxc8 42. Bb4 Qd8 43. d5 exd5 44. Nxf5 Ng6 45. Nd6 Kh7 46. Nxb5 Qb6 47. Qd3 h5 48. Bc3 Bxc3 49. Nxc3 Qa5 50. Re6 1-0

[Event "Catalunya-chT GpA final"]
[Site "Barcelona"]
[Date "2019.03.23"]
[Round "2.7"]
[White "Plachkinova, Tatjana Georgieva"]
[Black "Garcia Marin, Guillem"]
[Result "1-0"]
[WhiteElo "2059"]
[BlackElo "2067"]
[PlyCount "77"]
[EventDate "2019.03.16"]
[EventType "team-tourn"]
[EventRounds "3"]
[EventCountry "ESP"]
[SourceTitle "CBM 189 Extra"]
[Source "ChessBase"]
[SourceDate "2019.06.03"]
[SourceVersion "1"]
[SourceVersionDate "2019.06.03"]
[SourceQuality "1"]
[WhiteTeam "Salou Escola Escacs"]
[BlackTeam "Mollet"]
[WhiteTeamCountry "ESP"]
[BlackTeamCountry "ESP"]

1. d4 Nf6 2. c4 g6 3. Nc3 d5 4. cxd5 Nxd5 5. e4 Nxc3 6. bxc3 c5 7. Nf3 Bg7 8. Rb1 0-0 9. Be2 b6 10. 0-0 Qc7 11. Bg5 Bb7 12. d5 Bxc3 13. Qc1 Bg7 14. Bf4 Qc8 15. Bh6 Nd7 16. h4 Nf6 17. Bxg7 Kxg7 18. Qc3 Kg8 19. Qe5 Re8 20. Bb5 Ng4 21. Qf4 Rf8 22. h5 Nf6 23. hxg6 hxg6 24. Ne5 Qc7 25. Rfd1 Kg7 26. f3 Rac8 27. d6 exd6 28. Nc4 d5 29. e5 Nh5 30. Qg5 dxc4 31. Rd7 Qb8 32. g4 Bxf3 33. gxh5 Bxh5 34. Qf6+ Kg8 35. Bxc4 g5 36. Qxg5+ Bg6 37. Qxg6+ Kh8 38. Qh5+ Kg8 39. Rb2 1-0

[Event "Catalunya-chT GpA final"]
[Site "Barcelona"]
[Date "2019.03.16"]
[Round "1.9"]
[White "Obon Temprano, Sergi"]
[Black "Plachkinova, Tatjana Georgieva"]
[Result "1-0"]
[WhiteElo "2276"]
[BlackElo "2059"]
[PlyCount "72"]
[EventDate "2019.03.16"]
[EventType "team-tourn"]
[EventRounds "3"]
[EventCountry "ESP"]
[SourceTitle "CBM 189 Extra"]
[Source "ChessBase"]
[SourceDate "2019.06.03"]
[SourceVersion "1"]
[SourceVersionDate "2019.06.03"]
[SourceQuality "1"]
[WhiteTeam "Barbera"]
[BlackTeam "Salou Escola Escacs"]
[WhiteTeamCountry "ESP"]
[BlackTeamCountry "ESP"]

1. d4 Nf6 2. Nc3 d5 3. Bf4 c6 4. Nf3 e6 5. e3 Bd6 6. Bd3 0-0 7. 0-0 Re8 8. Ne5 Be7 9. Bg5 Nbd7 10. f4 c5 11. Kh1 h6 12. Bh4 Qb6 13. Na4 Qa5 14. c3 c4 15. b4 Qc7 16. Bc2 g6 17. Nc5 Nf8 18. Qf3 b6 19. Na4 Bd7 20. g4 Ne4 21. Be1 f6 22. Nxd7 Qxd7 23. Nb2 f5 24. Bxe4 dxe4 25. Qh3 b5 26. gxf5 exf5 27. Qxh6 Qd8 28. Rg1 Bf6 29. Rxg6+ Nxg6 30. Qxg6+ Bg7 31. Qxf5 a6 32. a4 Qf6 33. Qg4 Kf8 34. Bh4 Qf7 35. Rg1 Rab8 36. Qg5 Qd7 1-0

[Event "Las Palmas Centro Goya op"]
[Site "Las Palmas"]
[Date "2014.12.07"]
[Round "8"]
[White "Ramirez Medina, Victor"]
[Black "Plachkinova, Tatjana Georgieva"]
[Result "1-0"]
[WhiteElo "2059"]
[BlackElo "2158"]
[PlyCount "75"]
[EventDate "2014.12.01"]
[EventType "swiss"]
[EventRounds "9"]
[EventCountry "ESP"]
[SourceTitle "CBM 163 Extra"]
[Source "ChessBase"]
[SourceDate "2014.12.23"]
[SourceVersion "1"]
[SourceVersionDate "2014.12.23"]
[SourceQuality "1"]

1. e4 c5 2. Nf3 d6 3. d4 cxd4 4. Nxd4 Nf6 5. Nc3 Nc6 6. Bg5 Qb6 7. Nb3 e6 8. Qd2 a6 9. 0-0-0 Be7 10. f3 0-0 11. h4 Rd8 12. h5 Ne5 13. Qf4 h6 14. Bh4 Nxh5 15. Qd2 Bxh4 16. Rxh4 Nf6 17. f4 Ng6 18. Rh3 e5 19. f5 Nf4 20. Rh1 Bd7 21. g3 N4h5 22. Rh3 Bc6 23. Be2 Bxe4 24. Bxh5 Bxf5 25. g4 Be6 26. Rhh1 d5 27. Na4 Qc6 28. Nac5 b6 29. Nd3 Qd6 30. Qe3 d4 31. Qxe5 Qxe5 32. Nxe5 g6 33. Bxg6 fxg6 34. Rxh6 Bf7 35. Rf1 Bxb3 36. Rxf6 Bxc2 37. Kxc2 d3+ 38. Kd2 1-0

[Event "Las Palmas Centro Goya op"]
[Site "Las Palmas"]
[Date "2014.12.06"]
[Round "6"]
[White "Cruz Pino, Adrian"]
[Black "Plachkinova, Tatjana Georgieva"]
[Result "1/2-1/2"]
[WhiteElo "1978"]
[BlackElo "2158"]
[PlyCount "87"]
[EventDate "2014.12.01"]
[EventType "swiss"]
[EventRounds "9"]
[EventCountry "ESP"]
[SourceTitle "CBM 163 Extra"]
[Source "ChessBase"]
[SourceDate "2014.12.23"]
[SourceVersion "1"]
[SourceVersionDate "2014.12.23"]
[SourceQuality "1"]

1. e4 c5 2. Nc3 Nc6 3. g3 d6 4. Bg2 g6 5. Nge2 Bg7 6. 0-0 e6 7. d3 Nge7 8. Be3 Nd4 9. Qd2 0-0 10. Nd1 Rb8 11. c3 Nxe2+ 12. Qxe2 b5 13. Qd2 b4 14. f4 bxc3 15. bxc3 Ba6 16. Nf2 Qa5 17. Rfc1 Rfd8 18. g4 Qa3 19. Rc2 d5 20. e5 d4 21. cxd4 cxd4 22. Qc1 Qa4 23. Bd2 Nd5 24. Rb1 Ne3 25. Rcb2 Rbc8 26. Qe1 Bf8 27. Ba5 Nxg2 28. Kxg2 Rd5 29. Bb4 Bxb4 30. Rxb4 Qc2 31. R1b2 Qc3 32. Qd2 Kg7 33. Ra4 Qc6 34. Rab4 Rc5+ 35. Kg3 Rc1 36. Ne4 Qd5 37. Rb8 h6 38. Rxc8 Rxc8 39. h4 Bb5 40. Nd6 Bc6 41. Nxc8 Qf3+ 42. Kh2 Qh1+ 43. Kg3 Qf3+ 44. Kh2 1/2-1/2

[Event "Las Palmas Centro Goya op"]
[Site "Las Palmas"]
[Date "2014.12.05"]
[Round "5"]
[White "Plachkinova, Tatjana Georgieva"]
[Black "Garcia Caballero, Luis"]
[Result "1-0"]
[WhiteElo "2158"]
[BlackElo "1813"]
[PlyCount "61"]
[EventDate "2014.12.01"]
[EventType "swiss"]
[EventRounds "9"]
[EventCountry "ESP"]
[SourceTitle "CBM 163 Extra"]
[Source "ChessBase"]
[SourceDate "2014.12.23"]
[SourceVersion "1"]
[SourceVersionDate "2014.12.23"]
[SourceQuality "1"]

1. d4 d5 2. c4 e6 3. Nc3 Bb4 4. a3 Bxc3+ 5. bxc3 b6 6. cxd5 Qxd5 7. Nf3 Nf6 8. Bf4 0-0 9. e3 Bb7 10. Bd3 c5 11. Qe2 cxd4 12. cxd4 Qa5+ 13. Nd2 Ne4 14. Bxe4 Bxe4 15. 0-0 Bb7 16. Rfd1 Nd7 17. e4 Ba6 18. Qf3 Rac8 19. Rac1 Nf6 20. h3 Rfd8 21. Nf1 Rxc1 22. Bxc1 Bb7 23. d5 exd5 24. e5 Nd7 25. Qg3 Qa4 26. Bh6 g6 27. Re1 Re8 28. Nh2 d4 29. Ng4 f5 30. Nh2 Qc6 31. Nf3 1-0

[Event "Las Palmas Centro Goya op"]
[Site "Las Palmas"]
[Date "2014.12.02"]
[Round "2"]
[White "Moreno Antonio, Mario"]
[Black "Plachkinova, Tatjana Georgieva"]
[Result "1/2-1/2"]
[WhiteElo "1781"]
[BlackElo "2158"]
[PlyCount "45"]
[EventDate "2014.12.01"]
[EventType "swiss"]
[EventRounds "9"]
[EventCountry "ESP"]
[SourceTitle "CBM 163 Extra"]
[Source "ChessBase"]
[SourceDate "2014.12.23"]
[SourceVersion "1"]
[SourceVersionDate "2014.12.23"]
[SourceQuality "1"]

1. d4 Nf6 2. c4 c5 3. e3 cxd4 4. exd4 d5 5. Nc3 Nc6 6. c5 g6 7. Bb5 Bg7 8. Nf3 0-0 9. Bxc6 bxc6 10. 0-0 Ne4 11. Re1 Bf5 12. Bf4 h6 13. Be3 Rb8 14. Qc1 g5 15. Nd2 Nxd2 16. Qxd2 Re8 17. a3 Rb3 18. Na2 a5 19. Nc1 Rb7 20. f4 Qb8 21. b3 Kh7 22. fxg5 h5 23. Bf4 1/2-1/2

[Event "Las Palmas Centro Goya op"]
[Site "Las Palmas"]
[Date "2014.12.01"]
[Round "1"]
[White "Plachkinova, Tatjana Georgieva"]
[Black "Santana Chacopino, Carlos"]
[Result "1-0"]
[WhiteElo "2158"]
[BlackElo "1509"]
[PlyCount "45"]
[EventDate "2014.12.01"]
[EventType "swiss"]
[EventRounds "9"]
[EventCountry "ESP"]
[SourceTitle "CBM 163 Extra"]
[Source "ChessBase"]
[SourceDate "2014.12.23"]
[SourceVersion "1"]
[SourceVersionDate "2014.12.23"]
[SourceQuality "1"]

1. d4 d5 2. c4 e6 3. Nc3 Nf6 4. Nf3 c6 5. cxd5 Nxd5 6. e4 Nf6 7. Bg5 Be7 8. Bd3 b6 9. 0-0 Ba6 10. Bxa6 Nxa6 11. Qa4 Nb8 12. Rfe1 0-0 13. Rad1 Qc7 14. d5 Bc5 15. d6 Bxd6 16. e5 Ne8 17. exd6 Qb7 18. Be7 Nd7 19. Qh4 Nef6 20. Ne5 Rfe8 21. Nxd7 Qxd7 22. Bxf6 gxf6 23. Ne4 1-0

[Event "Calvia Amateur op 7th"]
[Site "Calvia"]
[Date "2010.10.12"]
[Round "4"]
[White "Barcelo Pujadas, Pedro Jose"]
[Black "Plachkinova, Tatjana Georgieva"]
[Result "1-0"]
[WhiteElo "2269"]
[BlackElo "2091"]
[PlyCount "85"]
[EventDate "2010.10.09"]
[EventType "swiss"]
[EventRounds "9"]
[EventCountry "ESP"]
[SourceTitle "EXT 2011"]
[Source "ChessBase"]
[SourceDate "2010.11.26"]
[SourceVersion "1"]
[SourceVersionDate "2010.11.26"]
[SourceQuality "1"]

1. Nf3 c5 2. c4 g6 3. d4 cxd4 4. Nxd4 Bg7 5. Nc3 Nc6 6. e3 d6 7. Be2 Nf6 8. 0-0 0-0 9. b3 d5 10. Bb2 Nxd4 11. exd4 b6 12. Bf3 Bb7 13. Re1 Re8 14. Ba3 Qd7 15. c5 Ne4 16. Nxe4 dxe4 17. Bxe4 Bxe4 18. Rxe4 f5 19. c6 Qxc6 20. Rxe7 Rxe7 21. Bxe7 Qd7 22. Bg5 Qxd4 23. Qxd4 Bxd4 24. Rd1 Re8 25. Kf1 Bc3 26. f3 Bg7 27. Rd7 a6 28. Rd6 h6 29. Bd2 b5 30. Rxg6 Kf7 31. Rxa6 Rd8 32. Bxh6 Be5 33. h4 Bg3 34. Bg5 Re8 35. Bd2 Bxh4 36. Rb6 Re5 37. a4 bxa4 38. bxa4 Rd5 39. Ke2 Bg3 40. Rb5 Rd4 41. Rxf5+ Ke6 42. Ra5 Be5 43. Rxe5+ 1-0

[Event "Calvia Amateur op 7th"]
[Site "Calvia"]
[Date "2010.10.10"]
[Round "2"]
[White "Galiana Salom, Juan Ramon"]
[Black "Plachkinova, Tatjana Georgieva"]
[Result "0-1"]
[WhiteElo "2204"]
[BlackElo "2091"]
[PlyCount "58"]
[EventDate "2010.10.09"]
[EventType "swiss"]
[EventRounds "9"]
[EventCountry "ESP"]
[SourceTitle "EXT 2011"]
[Source "ChessBase"]
[SourceDate "2010.11.26"]
[SourceVersion "1"]
[SourceVersionDate "2010.11.26"]
[SourceQuality "1"]

1. e4 c5 2. Nf3 Nc6 3. d4 cxd4 4. Nxd4 Nf6 5. Nc3 d6 6. Nb3 e6 7. f4 Be7 8. Qf3 Bd7 9. Be3 0-0 10. Bd3 a5 11. a3 a4 12. Nd2 Re8 13. 0-0 e5 14. Nd5 Nxd5 15. exd5 Nd4 16. Qf2 Bh4 17. g3 Bf6 18. fxe5 dxe5 19. Ne4 Bh3 20. Nxf6+ gxf6 21. c3 Nb3 22. Rad1 e4 23. Bb5 Re5 24. Qxf6 Bxf1 25. Qxe5 Bxb5 26. Bh6 Qb6+ 27. Rd4 Qxh6 28. Rxe4 Qc1+ 29. Re1 Re8 0-1

[Event "Calvia Amateur op 7th"]
[Site "Calvia"]
[Date "2010.10.09"]
[Round "1"]
[White "Plachkinova, Tatjana Georgieva"]
[Black "Lewandowski, Richard"]
[Result "1-0"]
[WhiteElo "2091"]
[BlackElo "1647"]
[PlyCount "79"]
[EventDate "2010.10.09"]
[EventType "swiss"]
[EventRounds "9"]
[EventCountry "ESP"]
[SourceTitle "EXT 2011"]
[Source "ChessBase"]
[SourceDate "2010.11.26"]
[SourceVersion "1"]
[SourceVersionDate "2010.11.26"]
[SourceQuality "1"]

1. d4 d5 2. c4 e6 3. Nc3 Nf6 4. Nf3 Be7 5. cxd5 exd5 6. Bf4 c6 7. Qc2 Nbd7 8. e3 0-0 9. Bd3 Re8 10. h3 Nf8 11. 0-0 h6 12. a3 Bd7 13. b4 b5 14. Rfc1 a5 15. Qb2 a4 16. Ne5 Rc8 17. Qc2 Be6 18. Ne2 Bd7 19. Bf5 Bxf5 20. Qxf5 g6 21. Qd3 Qb6 22. Bxh6 Bd6 23. Ra2 Bxe5 24. dxe5 Rxe5 25. Qc3 Re6 26. Nf4 Rce8 27. Nxe6 Rxe6 28. Rac2 Ne8 29. Qc5 Nd7 30. Qxb6 Nxb6 31. Rxc6 Kh7 32. Bf4 Nc4 33. Rc5 Nxa3 34. Rxd5 Nf6 35. Rd8 Rb6 36. Rcc8 Nh5 37. Be5 Kh6 38. Rh8+ Kg5 39. g4 Nf6 40. f4# 1-0

[Event "BUL-chT-A (Women) 43th"]
[Site "Albena"]
[Date "2010.05.31"]
[Round "5.4"]
[White "Sirkova, Darena"]
[Black "Plachkinova, Tatjana Georgieva"]
[Result "1-0"]
[WhiteElo "2036"]
[BlackElo "2117"]
[PlyCount "59"]
[EventDate "2010.05.27"]
[EventType "team-tourn"]
[EventRounds "7"]
[EventCountry "BUL"]
[SourceTitle "CBM 136 Extra"]
[Source "ChessBase"]
[SourceDate "2010.07.02"]
[SourceVersion "2"]
[SourceVersionDate "2010.07.15"]
[SourceQuality "1"]
[WhiteTeam "Plovdiv Lokomotiv 2000 (W)"]
[BlackTeam "Sofia Shah XXI (W)"]
[WhiteTeamCountry "BUL"]
[BlackTeamCountry "BUL"]

1. e4 d5 2. exd5 Qxd5 3. Nf3 Bg4 4. Be2 Nc6 5. d4 0-0-0 6. c4 Qa5+ 7. Bd2 Qf5 8. d5 Bxf3 9. dxc6 Bxe2 10. cxb7+ Kxb7 11. Qxe2 Qd3 12. Nc3 Qxe2+ 13. Kxe2 Nf6 14. b4 e6 15. Rhb1 Be7 16. a4 Ng4 17. f4 Nxh2 18. a5 Ng4 19. b5 Rd4 20. b6 cxb6 21. axb6 a6 22. Nb5 axb5 23. Ra7+ Kxb6 24. Rxe7 Rxc4 25. Rxf7 g6 26. Re7 Rc6 27. Ra1 Rhc8 28. Kf3 h5 29. Ba5+ Ka6 30. Bd8# 1-0

[Event "BUL-chT-A (Women) 43th"]
[Site "Albena"]
[Date "2010.05.30"]
[Round "4.2"]
[White "Plachkinova, Tatjana Georgieva"]
[Black "Andreeva, Plamena"]
[Result "1/2-1/2"]
[WhiteElo "2117"]
[BlackElo "2119"]
[PlyCount "73"]
[EventDate "2010.05.27"]
[EventType "team-tourn"]
[EventRounds "7"]
[EventCountry "BUL"]
[SourceTitle "CBM 136 Extra"]
[Source "ChessBase"]
[SourceDate "2010.07.02"]
[SourceVersion "2"]
[SourceVersionDate "2010.07.15"]
[SourceQuality "1"]
[WhiteTeam "Sofia Shah XXI (W)"]
[BlackTeam "Pleven Spartak XXI (W)"]
[WhiteTeamCountry "BUL"]
[BlackTeamCountry "BUL"]

1. d4 Nf6 2. c4 d6 3. Nc3 e5 4. Nf3 e4 5. Ng5 Bf5 6. f3 exf3 7. gxf3 Nc6 8. e4 Qe7 9. Nd5 Nxd5 10. cxd5 Nb8 11. Qb3 Bc8 12. Bb5+ c6 13. Bc4 h6 14. Nxf7 Qxf7 15. dxc6 Qe7 16. cxb7 Bxb7 17. Qb5+ Qd7 18. Qh5+ Kd8 19. Bd2 Nc6 20. Bb5 g6 21. Qxg6 Qg7 22. Qxg7 Bxg7 23. Bxc6 Bxc6 24. Rc1 Rc8 25. Bc3 Bb7 26. Rg1 Bxd4 27. Rg6 Bxc3+ 28. bxc3 Kc7 29. Rd1 Rcd8 30. Rd4 h5 31. h4 Rhf8 32. Kf2 Rf4 33. Ke3 Rxh4 34. Rc4+ Bc6 35. Rb4 Rb8 36. f4 Rh3+ 37. Kd4 1/2-1/2

[Event "BUL-chT-A (Women) 43th"]
[Site "Albena"]
[Date "2010.05.29"]
[Round "3.3"]
[White "Nestorova, Lozanka"]
[Black "Plachkinova, Tatjana Georgieva"]
[Result "1/2-1/2"]
[WhiteElo "2074"]
[BlackElo "2117"]
[PlyCount "75"]
[EventDate "2010.05.27"]
[EventType "team-tourn"]
[EventRounds "7"]
[EventCountry "BUL"]
[SourceTitle "CBM 136 Extra"]
[Source "ChessBase"]
[SourceDate "2010.07.02"]
[SourceVersion "2"]
[SourceVersionDate "2010.07.15"]
[SourceQuality "1"]
[WhiteTeam "Sofia Lokomotiv (W)"]
[BlackTeam "Sofia Shah XXI (W)"]
[WhiteTeamCountry "BUL"]
[BlackTeamCountry "BUL"]

1. c4 e5 2. Nc3 Nc6 3. g3 Nf6 4. Bg2 Bc5 5. e3 a6 6. Nge2 d6 7. 0-0 0-0 8. d4 Ba7 9. b3 Bg4 10. f3 exd4 11. exd4 Bf5 12. Be3 Re8 13. Bf2 Nb4 14. g4 Bg6 15. Nf4 Nc6 16. Nxg6 hxg6 17. Qd2 Qd7 18. Rae1 Rxe1 19. Rxe1 Re8 20. Rxe8+ Qxe8 21. Ne2 Qe7 22. h3 Nd7 23. Kf1 Bb6 24. a3 a5 25. Nc3 Nf6 26. Nb5 Nd8 27. b4 axb4 28. axb4 c6 29. Nc3 d5 30. c5 Bc7 31. b5 cxb5 32. Nxb5 Qd7 33. Nc3 Ne6 34. Be3 b6 35. g5 Nh5 36. cxb6 Bxb6 37. f4 Nc7 38. Qd3 1/2-1/2

[Event "Catalunya-chT Primera Gp1"]
[Site "Catalunya"]
[Date "2008.04.06"]
[Round "7"]
[White "Vivancos Allepuz, David"]
[Black "Plachkinova, Tatjana Georgieva"]
[Result "1/2-1/2"]
[WhiteElo "2116"]
[BlackElo "2193"]
[PlyCount "42"]
[EventDate "2008.01.27"]
[EventType "team-tourn"]
[EventRounds "9"]
[EventCountry "ESP"]
[SourceTitle "EXT 2019"]
[Source "ChessBase"]
[SourceDate "2018.10.10"]
[SourceVersion "1"]
[SourceVersionDate "2018.10.10"]
[SourceQuality "1"]

1. e4 c5 2. Nc3 Nc6 3. g3 g6 4. Bg2 Bg7 5. d3 d6 6. Be3 Rb8 7. Qd2 b5 8. f4 b4 9. Nd1 e6 10. Nf3 Nd4 11. 0-0 Ne7 12. Nf2 Nxf3+ 13. Bxf3 Bxb2 14. d4 Bxa1 15. Rxa1 c4 16. d5 e5 17. fxe5 dxe5 18. d6 Nc6 19. Qd5 Bd7 20. Ng4 0-0 21. h4 Bxg4 1/2-1/2

[Event "La Roda op 31st"]
[Site "La Roda"]
[Date "2004.04.08"]
[Round "3"]
[White "Mirzoev, Azer"]
[Black "Plachkinova, Tatjana Georgieva"]
[Result "1-0"]
[WhiteElo "2544"]
[BlackElo "2213"]
[PlyCount "49"]
[EventDate "2004.04.07"]
[EventType "swiss"]
[EventRounds "9"]
[EventCountry "ESP"]
[SourceTitle "CBM 099 Extra"]
[Source "ChessBase"]
[SourceDate "2004.05.04"]
[SourceVersion "1"]
[SourceVersionDate "2004.05.04"]
[SourceQuality "1"]

1. d4 Nf6 2. c4 c5 3. d5 b5 4. cxb5 a6 5. bxa6 g6 6. Nc3 Bxa6 7. Nf3 Bg7 8. e4 Bxf1 9. Kxf1 d6 10. g3 0-0 11. Kg2 Nbd7 12. h3 Ra6 13. Bf4 Qa8 14. Re1 Rb8 15. Qc2 Nb6 16. b3 Nfd7 17. a4 c4 18. b4 Bxc3 19. Qxc3 Rxa4 20. Rxa4 Qxa4 21. Nd4 Ne5 22. Bxe5 dxe5 23. Nc6 Rb7 24. Qxe5 Nc8 25. Ra1 1-0

[Event "La Roda op 31st"]
[Site "La Roda"]
[Date "2004.04.08"]
[Round "2"]
[White "Plachkinova, Tatjana Georgieva"]
[Black "Hernandez Guerrero, Gilberto Eduardo"]
[Result "1/2-1/2"]
[WhiteElo "2213"]
[BlackElo "2530"]
[PlyCount "52"]
[EventDate "2004.04.07"]
[EventType "swiss"]
[EventRounds "9"]
[EventCountry "ESP"]
[SourceTitle "CBM 099 Extra"]
[Source "ChessBase"]
[SourceDate "2004.05.04"]
[SourceVersion "1"]
[SourceVersionDate "2004.05.04"]
[SourceQuality "1"]

1. d4 Nf6 2. c4 c5 3. d5 g6 4. Nc3 Bg7 5. e4 d6 6. h3 0-0 7. Nf3 e6 8. Bd3 Na6 9. 0-0 e5 10. a3 Ne8 11. Bg5 f6 12. Bh4 h5 13. Nd2 Bh6 14. Rb1 Ng7 15. b4 Qe8 16. Nb3 cxb4 17. Nb5 Qd8 18. axb4 Nxb4 19. c5 dxc5 20. Nxc5 Nxd3 21. Qxd3 b6 22. d6 bxc5 23. Nc7 g5 24. Nxa8 gxh4 25. Nc7 Kh8 26. Rfd1 Qd7 1/2-1/2

[Event "BUL-chT (Women)"]
[Site "Plovdiv"]
[Date "2003.11.??"]
[Round "2"]
[White "Dragijska, Iva"]
[Black "Plachkinova, Tatjana Georgieva"]
[Result "1/2-1/2"]
[WhiteElo "2003"]
[BlackElo "2171"]
[PlyCount "59"]
[EventDate "2003.11.05"]
[EventType "team"]
[EventRounds "7"]
[EventCountry "BUL"]
[SourceTitle "EXT 2006"]
[Source "ChessBase"]
[SourceDate "2005.11.24"]
[SourceVersion "1"]
[SourceVersionDate "2005.11.24"]
[SourceQuality "1"]

1. e4 c5 2. Nf3 Nc6 3. d4 cxd4 4. Nxd4 Nf6 5. Nc3 d6 6. g3 Qb6 7. Nb3 Bg4 8. f3 Be6 9. Bg5 a6 10. Nd5 Bxd5 11. exd5 Ne5 12. Be2 h6 13. Bxf6 gxf6 14. f4 Nd7 15. Qd4 Qxd4 16. Nxd4 Nb6 17. c4 Rc8 18. b3 h5 19. Kf2 Nd7 20. Rhe1 Nc5 21. Bf1 h4 22. g4 Kd7 23. Rad1 e5 24. dxe6+ Nxe6 25. Bg2 Rc7 26. f5 Nxd4 27. Rxd4 b6 28. Ree4 b5 29. Bf1 b4 30. Re1 1/2-1/2

[Event "Lido degli Estensi op 4th"]
[Site "Lido degli Estensi"]
[Date "2003.06.13"]
[Round "7"]
[White "Borgo, Giulio"]
[Black "Plachkinova, Tatjana Georgieva"]
[Result "1-0"]
[WhiteElo "2425"]
[BlackElo "2171"]
[PlyCount "179"]
[EventDate "2003.06.06"]
[EventType "swiss"]
[EventRounds "9"]
[EventCountry "ITA"]
[SourceTitle "CBM 094 Extra"]
[Source "ChessBase"]
[SourceDate "2003.07.09"]
[SourceVersion "2"]
[SourceVersionDate "2003.07.09"]
[SourceQuality "1"]

1. Nf3 Nf6 2. c4 c6 3. Nc3 d5 4. e3 e6 5. d4 Bd6 6. Bd3 dxc4 7. Bxc4 b5 8. Bd3 Nbd7 9. Bd2 Bb7 10. Rc1 0-0 11. Ne4 Nxe4 12. Bxe4 Rc8 13. b4 Qe7 14. a3 a5 15. Rb1 axb4 16. axb4 Nf6 17. Bd3 Rfd8 18. Qc2 h6 19. 0-0 Nd5 20. Qb2 Nb6 21. Be2 Ra8 22. Rfc1 Na4 23. Qc2 e5 24. dxe5 Bxe5 25. Nxe5 Qxe5 26. Bf3 Rd6 27. Be1 Rad8 28. Rd1 Qe6 29. Rxd6 Rxd6 30. h3 Qd7 31. Rc1 Qe6 32. Bg4 Qe5 33. Bf3 Qb2 34. Qxb2 Nxb2 35. Bc3 Nc4 36. Bd4 Nd2 37. Bd1 Bc8 38. Bc2 Be6 39. Ra1 Rd8 40. Ra3 Nc4 41. Ra6 Bd5 42. f3 Kf8 43. Ra7 Be6 44. Be4 Rc8 45. Ra6 Bd7 46. Kf2 Nd2 47. Bc2 Be6 48. Bc3 Nc4 49. Be4 Bd7 50. Ke2 Nd6 51. Bb1 Be6 52. Be5 Nc4 53. Bd4 Bd7 54. g4 g6 55. Ra7 Ke8 56. f4 h5 57. gxh5 gxh5 58. f5 Rd8 59. h4 Nd6 60. Bb6 Nc8 61. Bxd8 Nxa7 62. Bb6 Nc8 63. Bc5 Ne7 64. e4 f6 65. Kf3 Ng8 66. Ba2 Nh6 67. Bd4 Ng4 68. Kf4 Ke7 69. Bb3 Nh6 70. Bc5+ Kd8 71. Bf8 Ng4 72. Bd1 Ke8 73. Bc5 Kf7 74. Bd4 Bc8 75. Bxg4 hxg4 76. Kxg4 Bd7 77. h5 Kg7 78. h6+ Kxh6 79. Bxf6 Kh7 80. e5 Kg8 81. e6 Be8 82. Kf4 Kf8 83. Ke5 Bh5 84. Bg5 Ke8 85. f6 Bg6 86. Kd6 Bh5 87. Bh6 Bg6 88. f7+ Bxf7 89. exf7+ Kxf7 90. Kxc6 1-0